EDUCATING for functionality

שמור ב:
מידע ביבליוגרפי
פורמט: ספר
שפה:אנגלית
יצא לאור: Foremost Educational Services 2019
תגים: הוספת תג
אין תגיות, היה/י הראשונ/ה לתייג את הרשומה!

MARC

LEADER 00000nam a22000007a 4500
008 210830b ||||| |||| 00| 0 eng d
020 |a 9789789732357 
245 |a EDUCATING for functionality   |c edited by UMO Uvowi  |g xviii, 608p. : ill. 
250 |c Uvowi, UMO 
260 |b Foremost Educational Services  |c 2019  |h Abuja  |i 685498  |l LA 2102 ED8  |m Education - Nigeria 
500 |a It includes references and index 
942 |a lcc  |c BK  |e Adeyeye Y. S.  |f 30 - 08 - 2021 
952 |0 0  |1 0  |2 lcc  |4 0  |6 LA2102 E D8  |7 0  |9 3299  |a HOL  |b HOL  |c LP  |d 2021-08-30  |l 0  |o LA 2102 . ED8  |p 2021-67008  |r 2021-08-30 00:00:00  |w 2021-08-30  |y BK 
999 |c 1647  |d 1647